Geography Quiz

Random Geography or Asia Quiz

40 Landmarks: Japan Quiz Stats

Quiz not verified by Sporcle

Challenge
Share
Tweet
Score 0/40 Timer 10:00
0 Plays Today
% Correct
Himeji Castle, Himeji
75.3%
Rokuon-ji, Kyoto
70.9%
Osaka Castle, Osaka
63.4%
Kyoto Tower, Kyoto
49.5%
Nagoya Castle, Nagoya
49.1%
Otowa-san Kiyomizu-dera, Kyoto
49%
A-Bomb Dome, Hiroshima
47.7%
Matsumoto Castle, Matsumoto
44.8%
Hiroshima Castle, Hiroshima
44.1%
Itsukushima Shrine, Hatsukaichi
43.4%
Umeda Sky Building, Osaka
40.5%
Denka Big Swan Stadium, Niigata
39.2%
Kansai International Airport, Osaka
38.5%
Nagoya City Hall, Nagoya
38.4%
Hiroshima Peace Memorial Museum, Hiroshima
35.8%
Sapporo Dome, Sapporo
34.4%
Nagoya TV Tower, Nagoya
33.7%
Osaka Dome, Osaka
33%
Hashima Island, Nagasaki
33%
Hiroshima Peace Park Memorial Cenotaph, Hiroshima
32.6%
% Correct
Sapporo TV Tower, Sapporo
32.4%
Tō-ji, Kyoto
30.5%
Hōryū-ji, Ikaruga
29.6%
Nagoya Dome, Nagoya
28.6%
Osaka Aquarium Kaiyukan, Osaka
28.6%
Akashi-Kaikyō Bridge, Kobe
28%
Fushimi Inari-Taisha, Kyoto
27.2%
Fukuoka Tower, Fukuoka
26.3%
Chūbu Centrair International Airport, Nagoya
26.3%
Hakuba Ski Jumping Stadium, Hakuba
25.8%
JR Central Towers, Nagoya
23.3%
The Church of the Light, Ibaraki
22.9%
Nagano Olympic Stadium, Nagano
22.1%
Ōita Bank Dome, Ōita
18%
Twin Arch 138, Owari-Ichinomiya
16.8%
The Gates of Peace, Hiroshima
13.6%
Toyo Ito Museum of Architecture, Imabari
11.7%
Abenobashi Terminal Building, Osaka
11.7%
M-Wave, Nagano
11.3%
The Osaka Prefectural Government Sakishima Building, Osaka
8%

You're not logged in!

Compare scores with friends on all Sporcle quizzes.
Sign Up with Email
OR
Log In

You Might Also Like...

Show Comments

Extras

Top Quizzes Today


Score Distribution

Your Account Isn't Verified!

In order to create a playlist on Sporcle, you need to verify the email address you used during registration. Go to your Sporcle Settings to finish the process.